Structure Elucidation by Modern NMR : A Workbook

Guardado en:
Detalles Bibliográficos
Autores principales: Duddeck, H (Autor), Dietrich, W (Autor), Tóth, G. (Autor)
Formato: Libro
Lenguaje:inglés
Publicado: Darmstadt : Dr.Dietrich Steinkopff Verlag GmbH & Co., 1998
Edición:3.,rev. and updated ed.
Etiquetas: Agregar Etiqueta
Sin Etiquetas, Sea el primero en etiquetar este registro!

MARC

LEADER 00000nam a22000003a 4500
001 stu58554
005 20150617225654.6
008 010704s1998----gw------------------eng-d
020 |a 3-7985-1111-X 
040 |a STU  |b slo 
041 0 |a eng 
044 |a gw 
080 |a 543.422.25 
100 1 |a Duddeck, H  |4 aut 
245 1 |a Structure Elucidation by Modern NMR :  |b A Workbook 
250 |a 3.,rev. and updated ed. 
260 |a Darmstadt :  |b Dr.Dietrich Steinkopff Verlag GmbH & Co.,  |c 1998 
300 |a 211 s. Tab.,grafy,lit., index 
700 1 |a Dietrich, W  |4 aut 
700 1 |a Tóth, G.  |4 aut 
996 |b C96644  |c C*96644  |l CCXXV  |s P  |a 0  |w stu58554_0001